00469nam a22001577a 450000500170000001000150001702000250003203500130005703700130007008200110008310000150009424500750010926000400018427000650022430000220028920100812145736.0 aENG-100088 a9788190909259c80.00 aEN-83620 bDBAD/PUB a881.08 aAnitha, G. aA heap of broken images in T. S. eliots the waste land /cby G. Anitha aChennaibDuvaraga Publicationc2009 a1, Valli Street, Karthikeyan Nagar, MaduravayalbChennaie95 a141p.c20cm (pbk)